| 000 | 00713nam a22002417a 4500 | ||
|---|---|---|---|
| 005 | 20251108173656.0 | ||
| 008 | 250721s2007 xx 000 0 ara d | ||
| 020 | _a9953343438 | ||
| 082 | 1 | 4 | _aم/214.5/صوف |
| 100 | 1 | _aالصوفي، ماهر أحمد | |
| 245 | 1 | 0 | _aالحشر و قيام الساعة / |
| 264 | 1 |
_aصيدا : _bالمكتبة العصرية، _c2007. |
|
| 300 | _a158ص | ||
| 490 | 0 | _aموسوعة الآخرة | |
| 650 | 1 | 7 | _aاليوم الآخر |
| 650 | 1 | 7 | _aجهنم |
| 650 | 1 | 7 | _aالجنة |
| 650 | 1 | 7 | _aالعقيدة الدينية |
| 650 | 1 | 7 | _aعذاب القبر |
| 700 | 1 | _aالبوطي، محمد سعيد رمضان | |
| 942 |
_2ddc _cREF |
||
| 999 |
_c109672 _d109672 |
||